000 00890nam a22002897a 4500
001 4697
003 FISKH
005 20240923100031.0
008 240923b cb ||||| |||| 00| 0 eng d
020 _a9780142403433
040 _aFISKH
_beng
_cFISKH
_dFISKH
050 _aPZ7.M82114
082 _2575
100 _aMorgan, Clay
245 _aThe boy who spoke dog /
_cClay Morgan
250 _aPublished in 2005
260 _aNew York :
_bPuffin Books,
_c2005.
300 _a166 pages :
_c20cm
505 _aP
520 _aAfter being marooned on an island near New Zealand, Jack, an orphaned cabin boy from San Francisco, becomes allied with a group of dogs who protect the local sheep from wild dogs.
521 8 _a650L
_bLexile
521 8 _aP
_bRaz-Plus
650 _2Survival
_aNew Zealand
650 _2Adventure
_aFantasy
942 _2ddc
_cBK
_n0
999 _c4697
_d4697